Normal view
MARC view
- مراجعة غصيب،همام؛ تحرير كايد هاشم
Entry Personal Name
001 - CONTROL NUMBER
- control field: 24747
003 - CONTROL NUMBER IDENTIFIER
- control field: JO-AjAnu
005 - DATE AND TIME OF LATEST TRANSACTION
- control field: 20230606074234.0
008 - FIXED-LENGTH DATA ELEMENTS
- fixed length control field: 230606|| aca||aabn | a|a d
040 ## - CATALOGING SOURCE
- Original cataloging agency: JO-AjAnu
- Transcribing agency: JO-AjAnu
100 ## - HEADING--PERSONAL NAME
- Personal name: مراجعة غصيب،همام؛ تحرير كايد هاشم
670 ## - SOURCE DATA FOUND
- Source citation: Work cat.: (JO-AjAnu)12731: مراجعة غصيب،همام؛ تحرير كايد هاشم, author, اللغة العربية والإعلام وكتّاب النص